000 01180nam a2200265 a 4500
001 78830
003 BD-RjUL
005 20211209083158.0
008 010917s1966 enka b 000 0 ara d
035 _a(BD-RjUL) 79057
040 _aMST
_cMST
_dm/c
_dSTF
_dUaCaAUL
_dUkOxU
_beng
041 _aara
082 _223
_a297.63
_bWAM 1966
100 1 _aواقدى، محمد بن عمر.;; Wāqidī, Muḥammad ibn ʿUmar,
_d747 or 748-823.
_9250230
245 1 0 _aكتاب المغازى للواقدى /;; Kitāb al-Maghāzī lil-Wāqidī /
_cمحمد بن عمر بن واقد ؛ تحقيق مارسدن جونس.;; Muḥammad ibn ʿUmar ibn Wāqid ; taḥqīq Mārsdin Jūns.
246 1 5 _aKitāb al-Mag̲ẖāzī of al-Wāqidī
260 _6880-04
_aلندن :;; Landan :
_bمطبعة جامعة أکسفورد،;; Maṭbaʿat Jāmiʿat Aksfūrd,
_c1966.
300 _a3 v. (46, xiii, 1321 p., 8 leaves of plates) :
_bill. ;
_c25 cm.
504 _aIncludes bibliographical references.
505 _aVol. 3.--
600 0 0 _aMuḥammad,
_cProphet,
_d-632
_xMilitary leadership.
_9250235
700 1 _aJones, Marsden.
_9250236
942 _2ddc
_cBK
999 _c78830
_d78830